|
|
|
|
| LEADER |
01317ppm a22003498a 4500 |
| 001 |
00031761 |
| 005 |
20171026081025.0 |
| 008 |
140212s2013 ||||||viesd |
| 041 |
0 |
# |
|a vie
|
| 082 |
1 |
4 |
|a 372.7
|b S550D
|
| 100 |
0 |
# |
|a Lý, Thị Kiều Trang
|
| 245 |
1 |
0 |
|a Sử dụng trò chơi học tập trong dạy học toán lớp 4
|b Khóa luận tốt nghiệp : Ngành Giáo dục Tiểu học: Trình độ : Đại học
|c Lý Thị Kiều Trang; Nguyễn Hữu Hiệu (hướng dẫn)
|
| 260 |
# |
# |
|a Đồng Tháp
|b Trường Đại học Đồng Tháp
|c 2013
|
| 300 |
# |
# |
|e 1 bản tóm tắt
|a 67 tr.+ phụ lục
|c 30 cm.
|
| 500 |
# |
# |
|a ĐTTTS ghi: Bộ Giáo dục và Đào tạo. Trường Đại học Đồng Tháp. Khoa Tiểu học- Mầm non
|
| 653 |
# |
# |
|a Giáo dục tiểu học
|
| 653 |
# |
# |
|a Trò chơi
|
| 653 |
# |
# |
|a Toán học
|
| 653 |
# |
# |
|a Sử dụng
|
| 653 |
# |
# |
|a Lớp 4
|
| 700 |
1 |
# |
|a Nguyễn, Hữu Hiệu
|e hướng dẫn
|
| 852 |
# |
# |
|j KD.0015295
|
| 852 |
# |
# |
|b Kho đọc
|j KD.0015295
|
| 910 |
# |
# |
|d 12/02/2014
|
| 980 |
# |
# |
|a Trung tâm Học liệu Lê Vũ Hùng, Trường Đại học Đồng Tháp
|